Loading...
| Current Events | 2 | 15.00 | 100% | 50% | 0% |
| Fine Arts - Classical Music | 4 | 12.50 | 100% | 25% | 0% |
| Fine Arts - Other Fine Arts | 2 | 10.00 | 100% | 0% | 0% |
| Fine Arts - Painting and Sculpture | 3 | 13.33 | 100% | 33% | 0% |
| Geography | 2 | 25.00 | 100% | 100% | 50% |
| History - American History | 5 | 14.00 | 100% | 40% | 0% |
| History - European History | 4 | 15.00 | 100% | 50% | 0% |
| History - Other History | 6 | 20.00 | 100% | 50% | 50% |
| History - World History | 6 | 15.00 | 100% | 33% | 17% |
| Literature - American Literature | 7 | 11.43 | 100% | 14% | 0% |
| Literature - British Literature | 7 | 15.71 | 100% | 57% | 0% |
| Literature - European Literature | 6 | 11.67 | 100% | 17% | 0% |
| Literature - World Literature | 4 | 15.00 | 100% | 50% | 0% |
| Mythology | 6 | 13.33 | 100% | 0% | 33% |
| Other Academic | 2 | 15.00 | 100% | 50% | 0% |
| Philosophy | 6 | 10.00 | 67% | 33% | 0% |
| Religion | 4 | 12.50 | 75% | 50% | 0% |
| Science - Biology | 5 | 14.00 | 100% | 40% | 0% |
| Science - Chemistry | 3 | 23.33 | 100% | 100% | 33% |
| Science - Other Science | 6 | 16.67 | 83% | 50% | 33% |
| Science - Physics | 6 | 13.33 | 83% | 50% | 0% |
| Social Science | 5 | 10.00 | 100% | 0% | 0% |